| 000 | 01151nam a22002771i 4500 | ||
|---|---|---|---|
| 003 | SA-RiAUC | ||
| 005 | 20250418115959.0 | ||
| 008 | 250308s1999 ir g 000 0 ara c | ||
| 040 |
_aSA-JeALM _bara _cSA-RiAUC _erda |
||
| 082 | 0 | 4 | _a258 |
| 090 |
_a258 _b ح ك ي |
||
| 100 | 1 |
_aالحكيم، محمد تقي، _d1922-2002 _eمؤلف. |
|
| 245 | 1 | 2 |
_aالأصول العامة للفقه المقارن : _bمدخل إلى دراسة الفقه المقارن / _cمحمد تقي الحكيم. |
| 246 | 3 | 0 | _aمدخل إلى دراسة الفقه المقارن |
| 250 | _aالطبعة الثانية | ||
| 264 | 1 |
_aقم، إيران : _bالمجمع العالمي لأهل البيت، _c1997 |
|
| 300 |
_a696 صفحة؛ _c24سم. |
||
| 336 |
_aنص _btxt _2rdacontent _3كتاب |
||
| 337 |
_aبدون وسيط _bn _2rdamedia |
||
| 338 |
_aمجلد _bnc _2rdacarrier |
||
| 500 | _aاهداء من عبدالفتاح نواب بتاريخ 1426/3/27 هـ | ||
| 650 | 7 |
_aالفقه الإسلامي _xمذاهب _2aucsh |
|
| 650 | 7 |
_aالفقه الإسلامي _2aucsh |
|
| 942 |
_2ddc _cBOOK _n0 |
||
| 949 |
_aSA-JeALM _d250308 _umohamedma123 _n1 |
||
| 999 |
_c7140 _d7140 |
||